00524nam a2200193 a 4500001001300000003000900013005001700022008004100039020002300080082001300103100002200116245005700138260003600195300000900231500003500240505001000275650002300285700002200308nice12345678IN_TiNIC20260116013217.0050524s1993 kena grp 000 0 eng  a1854244 c10000a297bCOO aCooper, Anne Comp aIshmael My Brotherb Christian Introduction to Islam aKentbMonarch Publicationc1993 a317p aincludes index and biblioraphy2 aIndex aIslam-Meccan Trade1 aCooper, Anne Comp